| 000 | 00509nam a2200169Ia 4500 | ||
|---|---|---|---|
| 005 | 20230417141417.0 | ||
| 008 | 230125s9999 xx 000 0 und d | ||
| 041 | _aeng | ||
| 082 |
_a658.8 _bSOO |
||
| 100 |
_aSood A _9115781 |
||
| 245 | _aCases In Marketing Management | ||
| 260 |
_c2009 _bSymbiosis centre for distance learning _aPune |
||
| 300 | _a696p | ||
| 500 | _aCase Studies in Marketing Management;Case Studies;Marketing Management | ||
| 700 |
_aSood A & Nandini Madan, Donor _9115782 |
||
| 942 | _cDB | ||
| 999 |
_c93589 _d93589 |
||